000 00542nam a2200193Ia 4500
003 LK-CoDNM
005 20240828143934.0
008 010623t1929 xxu||||| |||| 00| 1 Pali d
040 _aLK-CoDNM
_dLK-CoDNM
_eLK-CoDNM
041 _aPali
080 _a8A
_bH14
100 _aDewarakkhita Thero,Kukulnape
245 _aCariyapitaka : Bhadantacariya Dhammapala Thera's Commentary
260 _bThe Tipitaka Publication
_aColombo
_c1929
300 _bvii, 280. ; 25 cm
490 _vVol. XXVI
650 _aParamatthadipani
942 _cBK
999 _c94659
_d94659